[Event "FSIMB December"]
[Site "Budapest HUN"]
[Date "1999.12.10"]
[Round "7"]
[White "Cooke,E"]
[Black "Gottschlich,C"]
[Result "0-1"]
[WhiteElo "2250"]
[BlackElo "2246"]

1.e4 c5 2.Nf3 Nc6 3.Nc3 g6 4.d4 cxd4 5.Nxd4 Bg7 6.Be3 Nf6 7.Bc4 O-O 8.Bb3 a5
9.f3 d5 10.exd5 Nb4 11.Nde2 a4 12.Nxa4 Nfxd5 13.Bd4 Bxd4 14.Qxd4 Bf5 15.Qd2 Bxc2
16.Bxc2 Ne3 17.Be4 Nxg2+ 18.Kd1 Rxa4 19.Nc3 Ra6 20.Qxd8 Rxd8+ 21.Ke2 f5 22.Bxb7 Rb6
23.a3 Rxb7 24.axb4 Rxb4 25.Rhb1 Nf4+ 26.Ke3 Rd3+ 27.Kf2 Rd2+ 28.Ke3 Rbd4
29.Ra8+ Kg7 30.Rg1 Ng2+ 31.Rxg2 f4+  0-1

[Event "Young Masters"]
[Site "Groningen NED"]
[Date "1999.12.19"]
[Round "1"]
[White "Al Modiahki,M"]
[Black "Paragua,M"]
[Result "1-0"]
[WhiteElo "2553"]
[BlackElo "2268"]

1.e4 c5 2.Nc3 Nc6 3.Nf3 e5 4.Bc4 d6 5.d3 Be7 6.O-O Bg4 7.h3 Bh5 8.Nd5 a6
9.a4 Nf6 10.Ne3 Nd4 11.g4 Bg6 12.c3 Ne6 13.Bxe6 fxe6 14.Ng5 Qd7 15.f4 exf4
16.Nc4 h6 17.Nf3 Qc6 18.Nfe5 dxe5 19.Nxe5 Qc7 20.Nxg6 Rg8 21.Bxf4 Qb6 22.a5 Qb5
23.Qf3 Nd7 24.Bg3  1-0

[Event "Young Masters"]
[Site "Groningen NED"]
[Date "1999.12.19"]
[Round "1"]
[White "Werle,J"]
[Black "Bokros,A"]
[Result "1-0"]
[WhiteElo "2216"]
[BlackElo "2405"]

1.e4 c5 2.Nc3 Nc6 3.Nge2 e5 4.Nd5 d6 5.Nec3 Nf6 6.Bc4 Nxd5 7.Nxd5 Be6 8.d3 Be7
9.O-O O-O 10.f4 exf4 11.Bxf4 Bg5 12.Bg3 Ne5 13.Bxe5 dxe5 14.Qf3 Rb8 15.a4 Kh8
16.Kh1 Qd6 17.Nc3 Bd7 18.Qh5 f6 19.Nb5 Qb6 20.a5 Qd8 21.Qe2 g6 22.Qf2 b6
23.axb6 Qxb6 24.Nc3 Qxb2 25.Rxa7 Bg4 26.Qxc5  1-0

[Event "Young Masters"]
[Site "Groningen NED"]
[Date "1999.12.20"]
[Round "2"]
[White "Najer,E"]
[Black "Van Blitterswijk,S"]
[Result "1/2-1/2"]
[WhiteElo "2562"]
[BlackElo "2332"]

1.e4 c5 2.Nc3 Nc6 3.Bb5 Nd4 4.Bc4 g6 5.Nf3 Bg7 6.O-O e6 7.Nxd4 cxd4 8.Nb5 a6
9.Nd6+ Ke7 10.Nxc8+ Rxc8 11.d3 b5 12.Bb3 Kf8 13.a4 Ne7 14.Bd2 Nc6 15.f4 Bf6
16.axb5 axb5 17.Qf3 Kg7 18.Ra6 Rg8 19.Rfa1 Kh8 20.Kh1 Be7 21.g3 Bb4 22.c3 dxc3
23.bxc3 Nd4 24.cxd4 Bxd2 25.Rd1 Bc3 26.Qe3 Ra8 27.Rxa8 Qxa8 28.d5 Qa3 29.Rb1 Rc8
30.dxe6 dxe6 31.f5 Qd6 32.fxe6 fxe6 33.Rf1 Kg7 34.Rc1  1/2-1/2

[Event "Young Masters"]
[Site "Groningen NED"]
[Date "1999.12.21"]
[Round "3"]
[White "Delanoy,A"]
[Black "Wiersma,E"]
[Result "0-1"]
[WhiteElo "2122"]
[BlackElo "2362"]

1.e4 c5 2.Nc3 Nc6 3.Nf3 g6 4.d4 cxd4 5.Nxd4 Bg7 6.Be3 Nf6 7.Nxc6 bxc6 8.e5 Nd5
9.Nxd5 cxd5 10.Qxd5 Rb8 11.Bxa7 Rxb2 12.Bd4 Rb8 13.Bc4 O-O 14.O-O d6 15.Bb3 Bb7
16.Qc4 dxe5 17.Bb2 e6 18.Qe2 Qg5 19.g3 Rfc8 20.Rfe1 Qf5 21.g4 Qf4 22.Bc1 Qf3
23.Qxf3 Bxf3 24.Bb2 Rc5 25.h3 h5 26.gxh5 e4 27.Bxg7 Rg5+ 28.Kf1 Rxh5 29.Re3 Rxh3
30.Rxf3 exf3 31.Kg1 Kxg7  0-1

[Event "Young Masters"]
[Site "Groningen NED"]
[Date "1999.12.23"]
[Round "5"]
[White "Al Modiahki,M"]
[Black "Shaw,J"]
[Result "1-0"]
[WhiteElo "2553"]
[BlackElo "2410"]

1.e4 c5 2.Nf3 Nc6 3.Nc3 g6 4.d4 cxd4 5.Nxd4 Bg7 6.Nde2 Nf6 7.g3 b5 8.Bg2 Rb8
9.O-O O-O 10.Nd5 d6 11.h3 Nd7 12.c3 e6 13.Nb4 Nxb4 14.cxb4 Ne5 15.Be3 a6
16.Bd4 Bb7 17.b3 f5 18.f4 Nc6 19.Bxg7 Kxg7 20.Qd2 fxe4 21.Bxe4 d5 22.Bg2 Qb6+
23.Kh2 Rbd8 24.Rae1 e5 25.fxe5 Rxf1 26.Rxf1 Nxe5 27.Qg5 Qd6 28.Nf4 Nf7 29.Nh5+ Kg8
30.Nf6+ Kg7 31.Qh4 h6 32.Qd4 Qe5 33.Qf2 Nd6 34.Ng4 Qc3 35.Rc1 Qxc1 36.Qf6+ Kh7
37.Qe7+  1-0

[Event "Blitz"]
[Site "St Petersburg RUS"]
[Date "1999.12.25"]
[Round "5.1"]
[White "Svidler,P"]
[Black "Malcsev,A"]
[Result "1-0"]
[WhiteElo "2684"]
[BlackElo "2355"]

1.e4 c5 2.Nf3 Nc6 3.Nc3 g6 4.d4 cxd4 5.Nxd4 Bg7 6.Be3 Nf6 7.Bc4 O-O 8.Bb3 a5
9.O-O d6 10.h3 Bd7 11.a4 Nxd4 12.Bxd4 Bc6 13.Qd3 Qc7 14.Rad1 Rfd8 15.Qe3 Nd7
16.Bxg7 Kxg7 17.Qd4+ f6 18.Nd5 Bxd5 19.exd5 Nc5 20.Ba2 Qb6 21.Rfe1 Rd7 22.c3 Qxb2
23.Bc4 Nxa4 24.Re3 Rc7 25.Rde1 Kf7 26.h4 b5 27.h5 bxc4 28.hxg6+ hxg6 29.Rh3 Rg8
30.Qe3 Kf8 31.Rh7 Qb5 32.Rxe7 Rd7 33.Qh6+  1-0

[Event "Boavista Masters"]
[Site "Porto POR"]
[Date "1999.12.28"]
[Round "2"]
[White "Damaso,R"]
[Black "Arlandi,E"]
[Result "0-1"]
[WhiteElo "2399"]
[BlackElo "2465"]

1.e4 c5 2.Nc3 Nc6 3.Bb5 Nd4 4.Nf3 Nxb5 5.Nxb5 a6 6.Nc3 e6 7.d4 cxd4 8.Nxd4 d6
9.O-O Nf6 10.Bg5 Be7 11.Qe2 Nxe4 12.Nxe4 Bxg5 13.Nxe6 Bxe6 14.f4 Be7 15.f5 Bc4
16.Qg4 Bxf1 17.Qxg7 Qb6+  0-1

[Event "8th Danube Open"]
[Site "Aschach AUT"]
[Date "1999.12.29"]
[Round "6"]
[White "Kreischer,G"]
[Black "Wege,J"]
[Result "1/2-1/2"]
[WhiteElo "2155"]
[BlackElo "2236"]

1.e4 c5 2.Nf3 Nc6 3.Nc3 e6 4.g3 g6 5.Bg2 Bg7 6.d3 Nge7 7.O-O O-O 8.Ne2 d5
9.exd5 Nxd5 10.d4 c4 11.c3 b5 12.Nf4 Nce7 13.Re1 Bb7 14.Qc2 Qc7 15.Ng5 Qb6
16.Ne4 Rad8 17.Nc5 Nxf4 18.Bxf4 Bxg2 19.Kxg2 Nd5 20.Bg5 Rc8 21.Kg1 Qc6 22.Be3 e5
23.b3 Nxc3 24.dxe5 Bxe5 25.bxc4 bxc4 26.Rac1 Bg7 27.a3 Qf3 28.Na4 Nd5 29.Bxa7 Qxa3
30.Bc5 Rxc5 31.Nxc5 Qxc5 32.Qxc4 Qxc4 33.Rxc4 Bf6 34.Rd1 Ne7 35.Rc7 h5 36.Rdd7 Nf5
37.Kg2 Nh6 38.h3 Re8 39.Kf1 Re6 40.Rb7 Kg7 41.Ra7 g5 42.Rd5 Kg6 43.Raa5 Be7
44.Re5 Kf6 45.Rxg5 Bb4 46.Rab5 Bd2 47.Rxh5 Ng8 48.Rhf5+ Kg6 49.Rfe5 Ra6 50.Red5 Ra2
51.Rd6+ f6 52.Rb7 Nh6 53.Rdb6 Bc3 54.Rd7 Nf5 55.Re6 Ra1+ 56.Kg2 Ra2 57.Re4 Nh6
58.Rc7 Be5 59.Rc6 Kg7 60.Re6 Nf5  1/2-1/2

[Event "Open"]
[Site "Groningen NED"]
[Date "1999.12.29"]
[Round "10"]
[White "Najer,E"]
[Black "Tiviakov,S"]
[Result "1/2-1/2"]
[WhiteElo "2562"]
[BlackElo "2611"]

1.e4 c5 2.Nc3 Nc6 3.Bb5 Nd4 4.Bc4 g6 5.Nf3 Bg7 6.Nxd4 cxd4 7.Qf3 Nh6 8.Ne2 O-O
9.d3 Ng4 10.Bb3 d6 11.O-O a5 12.a4 Ne5 13.Qg3 Nd7 14.Qh4 Nc5 15.Bg5 Re8 16.Bd5 Be6
17.b3 Qd7 18.Nf4 Bxd5 19.Nxd5 f6 20.Bd2 Qd8 21.Qg3 e6 22.Nf4 Rc8 23.h4 Na6
24.Rac1 Nb4 25.c4 dxc3 26.Rxc3 Rxc3 27.Bxc3 e5 28.Ne2 Nc6 29.h5 Kf7 30.Kh2 Qb6
31.Rb1 Qc5 32.Qf3 Re7 33.g3 Rd7 34.Kg2  1/2-1/2

[Event "It IM"]
[Site "Lohmar GER"]
[Date "1999.12.29"]
[Round "4"]
[White "Roese,O"]
[Black "Kaeser,U"]
[Result "0-1"]
[WhiteElo "2320"]
[BlackElo "2334"]

1.e4 c5 2.Nf3 Nc6 3.Nc3 Nf6 4.d4 cxd4 5.Nxd4 e5 6.Ndb5 d6 7.Bg5 a6 8.Na3 Be6
9.Nc4 Rc8 10.Ne3 Be7 11.Bxf6 Bxf6 12.Bc4 Bg5 13.Ned5 Nd4 14.Bb3 O-O 15.O-O Kh8
16.f4 Nxb3 17.axb3 exf4 18.Nxf4 Bf6 19.Qh5 Bd4+ 20.Kh1 Bxc3 21.bxc3 Rxc3
22.Nxe6 fxe6 23.Rf7 Rc7 24.Raf1 Rcxf7 25.Rxf7 Kg8 26.Rf3 Rxf3 27.gxf3 g6
28.Qh3 Qf6 29.Qg3 Qd4 30.Kg2 Qd2+ 31.Kh3 Qh6+ 32.Kg2 Qd2+ 33.Kh3 Kf7 34.Qh4 h5
35.Qd8 Qf2 36.Qd7+ Kf6 37.Qd8+ Ke5 38.Qh8+ Kf4 39.Qf6+ Ke3 40.Qc3+ Ke2 41.Qd3+ Ke1
42.Qc3+ Kf1 43.Qd3+ Kg1 44.Qd1+ Qf1+ 45.Qxf1+ Kxf1 46.f4 Kf2 47.Kh4 Kf3 48.Kg5 Kxe4
49.h4 e5  0-1

[Event "Boavista Masters"]
[Site "Porto POR"]
[Date "1999.12.31"]
[Round "5"]
[White "Mitkov,N"]
[Black "Damaso,R"]
[Result "1-0"]
[WhiteElo "2509"]
[BlackElo "2399"]

1.e4 c5 2.Nc3 Nc6 3.Nf3 d6 4.d4 cxd4 5.Nxd4 Nf6 6.Bc4 e5 7.Nf5 Be6 8.Ne3 Rc8
9.Bb3 Be7 10.Ned5 O-O 11.O-O Na5 12.Be3 Nxb3 13.axb3 a6 14.Nxe7+ Qxe7 15.Bg5 h6
16.Bxf6 Qxf6 17.Qxd6 Rfd8 18.Qb6 Rd2 19.Rac1 Qg5 20.Qe3 b5 21.Qxg5 hxg5 22.Rfd1 Rxd1+
23.Nxd1 Bxb3 24.Ne3 b4 25.f3 a5 26.Ra1 Bxc2 27.Rxa5 Bd3  1-0

[Event "Belgian Interteams 1999-2000"]
[Site "Antwerp BEL"]
[Date "1999.12.??"]
[Round "6"]
[White "Luminet,D"]
[Black "Goormachtigh,J"]
[Result "0-1"]
[WhiteElo "2279"]
[BlackElo "2291"]

1.e4 c5 2.Nc3 Nc6 3.Nf3 d6 4.d4 cxd4 5.Nxd4 Nf6 6.f4 e6 7.Be3 e5 8.Nf3 Ng4
9.Qd2 Nxe3 10.Qxe3 exf4 11.Qxf4 Be6 12.O-O-O Be7 13.Nd5 Bxd5 14.exd5 Ne5
15.Bb5+ Kf8 16.Rhf1 Nxf3 17.Qxf3 Bf6 18.c3 a6 19.Ba4 Rc8 20.Kb1 Rc7 21.g3 Be5
22.h4 Qf6 23.Qxf6 Bxf6 24.Rd3 h5 25.Rdf3 Be5 26.Bc2 Rh6 27.Bd3 g6 28.Kc2 Kg7
29.Be2 Rh8 30.a4 Re8 31.Bd3 f5 32.c4 b5 33.b3 bxa4 34.bxa4 Rb8 35.Rb1 Rxb1
36.Kxb1 Rb7+ 37.Ka2 Rb2+ 38.Ka3 a5 39.Re3 Rg2 40.c5 dxc5 41.Rxe5 Rxg3 42.Kb3 Rxd3+
43.Kc4 Rd2 44.Kxc5 f4 45.d6 f3 46.Re3 f2 47.Rf3 g5 48.hxg5 h4 49.d7 Rxd7
50.Rxf2 Kg6 51.Rf6+ Kxg5 52.Ra6 Rf7 53.Kd4 Rf4+ 54.Ke3 Rxa4 55.Ra8 Ra3+ 56.Kf2 Kf4
57.Re8 Ra2+ 58.Kg1 a4 59.Re7 a3 60.Ra7 Kg3 61.Rg7+ Kh3 62.Ra7 Rg2+ 63.Kf1 a2
64.Ra3+ Kh2  0-1

[Event "Alushta3"]
[Site "Alushta"]
[Date "1999.??.??"]
[Round "?"]
[White "Rogovski, Vladimir"]
[Black "Kochetkov, German"]
[Result "1-0"]
[WhiteElo "2455"]
[BlackElo "2395"]

1.e4 c5 2.Nf3 Nc6 3.Nc3 e5 4.Bc4 Be7 5.d3 d6 6.Nd2 Nf6 7.Nf1 O-O 8.Ne3 Na5
9.O-O Nxc4 10.dxc4 Be6 11.b3 Qd7 12.Qf3 Bd8 13.Rd1 a6 14.a4 g6 15.Ncd5 Ne8
16.Bb2 b6 17.Qg3 f6 18.f4 Qg7 19.Qf3 Ra7 20.f5 Bd7 21.Bc1 Kh8 22.Ng4 gxf5
23.exf5 Qf7 24.Nh6 Qg7 25.Qh5 Bc8 26.g4  1-0

[Event "Alushta3"]
[Site "Alushta"]
[Date "1999.??.??"]
[Round "?"]
[White "Zubov, Oleksander"]
[Black "Kochetkov, German"]
[Result "1-0"]
[WhiteElo "2328"]
[BlackElo "2395"]

1.e4 c5 2.Nf3 Nc6 3.Nc3 e5 4.Bc4 Be7 5.d3 d6 6.Nd2 Nf6 7.Nf1 O-O 8.Ne3 a6
9.a4 Rb8 10.O-O Nd4 11.a5 Nc6 12.Ncd5 Nxd5 13.Nxd5 Bg5 14.Bxg5 Qxg5 15.Qc1 Qd8
16.Qd2 Be6 17.Ne3 Ne7 18.b4 cxb4 19.Qxb4 d5 20.exd5 Nxd5 21.Bxd5 Bxd5 22.Qc5 Bc6
23.Qxe5 Re8 24.Qf4 Re6 25.Rfd1 Rf6 26.Qh4 Qe8 27.d4 Rh6 28.Qg5 Rg6 29.Qh5 f6
30.Qh4 Be4 31.d5 f5 32.Qf4 Rc8 33.c4 Rxc4 34.f3 Rb4 35.Re1  1-0

[Event "Alushta zt (Women)"]
[Site "Alushta"]
[Date "1999.??.??"]
[Round "?"]
[White "Onischuk, Nastja"]
[Black "Zatonskih, Anna"]
[Result "0-1"]
[WhiteElo "2096"]
[BlackElo "2326"]

1.e4 c5 2.Nf3 Nc6 3.Nc3 e6 4.Qe2 Be7 5.g3 d5 6.d3 d4 7.Nd1 e5 8.Bg2 h5 9.h3 Be6
10.Nh2 Qd7 11.h4 f6 12.f4 g6 13.Nf2 Nh6 14.Nf3 exf4 15.gxf4 O-O-O 16.a3 Qc7
17.Bh3 Ng4 18.Nh2 Qd7 19.Nhxg4 hxg4 20.Bxg4 f5 21.Bf3 Bxh4 22.Bd2 fxe4 23.dxe4 d3
24.Qxd3 Qxd3 25.cxd3 Nd4  0-1

[Event "AUT-chT 9899"]
[Site "AUT"]
[Date "1999.??.??"]
[Round "?"]
[White "Atlas, Valeri"]
[Black "Volkmann, Friedrich"]
[Result "1-0"]
[WhiteElo "2465"]
[BlackElo "2415"]

1.e4 c5 2.Nc3 Nc6 3.Nf3 Nf6 4.Bb5 Qc7 5.O-O e6 6.Re1 d6 7.d4 cxd4 8.Nd5 Qa5
9.b4 Qd8 10.Qxd4 a6 11.Nxf6+ gxf6 12.Bxc6+ bxc6 13.c4 e5 14.Qd3 Be6 15.Bb2 Be7
16.Rad1 a5 17.a3 axb4 18.axb4 Qb6 19.Bc3 O-O 20.Nd2 Ra3 21.Nf1 d5 22.exd5 cxd5
23.cxd5 Bxb4 24.Qg3+ Kh8 25.Qh4 Bxc3 26.Qxf6+ Kg8 27.Qg5+ Kh8 28.Qf6+ Kg8
29.Re3 Bb2 30.Qg5+ Kh8 31.Qf6+ Kg8 32.Rxa3 Bxa3 33.Qg5+ Kh8 34.Qf6+ Kg8 35.Qg5+ Kh8
36.Qxe5+ f6 37.Qxe6 Qxe6 38.dxe6 Re8 39.Re1 Kg7 40.g4 h5 41.gxh5 f5 42.Ne3 Rxe6
43.Nxf5+ Kf6 44.Rxe6+ Kxe6 45.Ng3 Ke5 46.Kf1 Kf4 47.Ke2 Bf8 48.h3 Bg7 49.Kd3 Bh8
50.Ne4 Bg7 51.Nc5 Kf3 52.Ne4 Kf4 53.Ng3 Bh8 54.h6 Kg5 55.Ke4 Kxh6 56.Kf5 Bd4
57.f3 Bf2 58.Ne4 Be3 59.Kg4 Kg6 60.Ng3 Bd2 61.Ne2 Kf6 62.h4 Kg6 63.Ng3 Bc1
64.Ne4 Be3 65.h5+ Kh6 66.Ng3 Bd2 67.Nf5+ Kh7 68.f4 Ba5 69.Ne3 Bc3 70.Nd5 Bb2
71.Kg5 Bc1 72.Nf6+ Kg7 73.h6+ Kh8 74.Ng4 Kh7 75.Kf5 Kg8 76.Ke5 Kf7 77.f5 Bb2+
78.Kf4 Bc1+ 79.Kg3 Bb2 80.Kh4 Bc3 81.Kh5 Bb2 82.Ne3 Kf6 83.Kg4 Bc1 84.Nd5+ Kf7
85.Kh5 Bb2 86.Nf4 Bf6 87.Ng6 Kg8 88.Nf4 Kf7 89.Nh3 Bb2 90.Ng5+ Kf6 91.Kg4 Bc1
92.h7 Kg7 93.f6+ Kh8 94.Kf5  1-0

[Event "AUT-chT2O 9899"]
[Site "AUT"]
[Date "1999.??.??"]
[Round "7"]
[White "Holzer, Gerhard"]
[Black "Poecksteiner, Johann"]
[Result "1-0"]
[WhiteElo "2255"]
[BlackElo "2205"]

1.e4 c5 2.Nf3 Nc6 3.Nc3 e5 4.Bb5 d6 5.O-O Bg4 6.h3 Bh5 7.Re1 Nf6 8.Nd5 Be7
9.c3 O-O 10.g4 Bg6 11.Nxe7+ Qxe7 12.d3 a6 13.Ba4 b5 14.Bc2 d5 15.Nh4 dxe4
16.dxe4 Rad8 17.Qe2 Ne8 18.Nf5 Bxf5 19.exf5 Nd6 20.Qf3 Rc8 21.Bf4 f6 22.Rad1 Kh8
23.Bc1 Rfd8 24.Qg3 Nf7 25.h4 h6 26.Rxd8+ Rxd8 27.Qg2 Na5 28.f4 Nc4 29.g5 Qd6
30.b3 Nb6 31.g6 e4 32.gxf7  1-0

[Event "Aviles op"]
[Site "Aviles"]
[Date "1999.??.??"]
[Round "5"]
[White "Sikula, Vaszilij"]
[Black "Mamedov, Nidjat"]
[Result "0-1"]
[WhiteElo "2269"]
[BlackElo "2255"]

1.e4 c5 2.Nf3 Nc6 3.Nc3 g6 4.g3 Bg7 5.Bg2 d6 6.O-O e5 7.d3 Nge7 8.Nh4 O-O
9.f4 Nd4 10.Be3 exf4 11.Bxf4 h6 12.Be3 Be6 13.Qd2 Kh7 14.Nd1 Ndc6 15.h3 Rc8
16.g4 Ne5 17.Nf5 gxf5 18.exf5 Nd5 19.fxe6 fxe6 20.Be4+ Kh8 21.Rxf8+ Qxf8
22.Kg2 Nxe3+ 23.Nxe3 d5 24.Rf1 Qd6 25.Bf3 Ng6 26.Kh1 Nh4 27.Bg2 Rf8 28.c3 b5
29.Rxf8+ Qxf8 30.Qe1 Ng6 31.Nf1 Nf4 32.Ng3 Qd6 33.Qf1 Nxh3 34.Bxh3 Qxg3 35.g5 Qxg5
36.Bxe6 Qh5+ 37.Bh3 d4 38.cxd4 Qd5+ 39.Qg2 Qxg2+ 40.Kxg2 Bxd4 41.b3 b4 42.Kf3 Kg7
43.Bd7 Kf6 44.Kg4 Ke5 45.Kf3 Bg1 46.Kg2 Be3 47.Kf3 Kd4 48.Ke2 Bg5 49.Be8 Kc3
50.Bg6 Kb2 51.Kd1 Kxa2 52.Kc2 Bf6 53.Bf7 a5 54.Bh5 a4 55.Bf7 Ka3 56.bxa4 Kxa4
57.Be8+ Ka5 58.Bf7 Bd4 59.Kc1 b3 60.Kb1 Kb4 61.Kc1 Kc3 62.Bg6 b2+ 63.Kb1 Kd2
64.Bf5 h5 65.Bg6 h4 66.Bf5 Bc3  0-1

[Event "Avoine op"]
[Site "Avoine"]
[Date "1999.??.??"]
[Round "5"]
[White "Popescu, Daniel Dorin"]
[Black "Delaunay, Sebastien"]
[Result "1-0"]
[WhiteElo "2365"]
[BlackElo "2184"]

1.e4 c5 2.Nf3 Nc6 3.Nc3 Nf6 4.Bb5 d6 5.e5 dxe5 6.Nxe5 Bd7 7.Bxc6 Bxc6 8.Nxc6 bxc6
9.O-O e6 10.d3 Bd6 11.Ne4 Be7 12.Qe2 O-O 13.Be3 c4 14.Rfd1 cxd3 15.Rxd3 Qa5
16.Bd4 Rfd8 17.Bc3 Qa4 18.Bxf6 gxf6 19.Rh3 Kh8 20.c4 Qa5 21.c5 Rd5 22.a3 Rg8
23.b4 Qd8 24.Nc3 Rd2 25.Qe4 f5 26.Qxc6 Bf6 27.Rf1 Bxc3 28.Rxc3 Rxf2 29.Rxf2 Qd1+
30.Rf1 Qd4+ 31.Kh1 Qxc3 32.Qf3 Qc4 33.h3 a5 34.Qf4 Qc3 35.Rf3 Qb2 36.Rg3 axb4
37.Rxg8+ Kxg8 38.axb4 Qc3 39.Kh2 h6 40.h4 Kg7 41.g3 Qc2+ 42.Kh3 Qc3 43.h5 e5
44.Qxf5 Qxb4 45.Qxe5+ Kg8 46.c6 Qc4 47.Qe8+ Kg7 48.Qd7 Qf1+ 49.Kg4 Qe2+ 50.Kf4 Qf2+
51.Ke5 Qe3+ 52.Kd6 Qg5 53.Kc7 Qxg3+ 54.Kc8 Qc3 55.c7 Qa3 56.Qg4+ Kh7 57.Qe4+ Kg7
58.Kb8 Qb4+ 59.Qxb4  1-0

[Event "ROM-ch sf"]
[Site "Baile Tusnad"]
[Date "1999.??.??"]
[Round "3"]
[White "Manea, Alexandru"]
[Black "Moldovan, Daniel"]
[Result "0-1"]
[WhiteElo "2262"]
[BlackElo "2449"]

1.e4 c5 2.Nc3 Nc6 3.Nge2 g6 4.d4 cxd4 5.Nxd4 Bg7 6.Nde2 Nf6 7.g3 O-O 8.Bg2 d6
9.O-O Rb8 10.a4 a6 11.Nd5 Nd7 12.f4 b5 13.axb5 axb5 14.c3 b4 15.Nd4 Nxd4
16.cxd4 e6 17.Ne3 Qb6 18.e5 Ba6 19.Rf2 dxe5 20.fxe5 Bb7 21.Nc4 Qc7 22.Bxb7 Qxc4
23.Bg2 Nb6 24.Bg5 Qc7 25.Ra5 Qd7 26.Qg4 Rbc8 27.Ra6 Nc4 28.h4 h6 29.Bf6 Ne3
30.Qf4 Nxg2 31.Rxg2 b3 32.Bxg7 Kxg7 33.Qf6+ Kh7 34.h5 Qxd4+ 35.Kh2 Qg4 36.hxg6+ Qxg6
37.Qf4 Rc2 38.Ra7 Kg7 39.Rb7 Rfc8 40.Qf3 Rxg2+ 41.Kxg2 Rc2+ 42.Kh3 Rxb2 43.g4 Rb1
44.Rb4 Re1 45.Rxb3 Rxe5 46.Qf4 Qf6 47.Qxf6+ Kxf6 48.Kh4  0-1

[Event "BakuJ-A"]
[Site "Baku"]
[Date "1999.??.??"]
[Round "?"]
[White "Gashimov, Vugar"]
[Black "Mamedov, Nidjat"]
[Result "0-1"]
[WhiteElo "2370"]
[BlackElo "2255"]

1.e4 c5 2.Nf3 Nc6 3.Nc3 g6 4.d4 cxd4 5.Nxd4 Bg7 6.Nb3 Nf6 7.Be2 O-O 8.O-O d6
9.Re1 a6 10.Bf1 b5 11.a4 b4 12.Nd5 Nd7 13.a5 Rb8 14.Ra2 e6 15.Ne3 Nf6 16.f3 Qc7
17.Bd3 Ne5 18.Qe2 Nxd3 19.cxd3 e5 20.Nc4 d5 21.exd5 Nxd5 22.Be3 Bf5 23.Bb6 Qc6
24.g3 Nxb6 25.axb6 Rfd8 26.Nba5 Qd5 27.Rd1 Rxb6 28.Nxb6 Qxa2 29.Nbc4 Qa4
30.Nb7 Rd4 31.Nc5 Qc6 32.Ne4 Be6 33.b3 Bxc4 34.dxc4 h6 35.Rxd4 exd4 36.Nf2 a5
37.Nd3 a4 38.Qe4 Qxe4 39.fxe4 axb3 40.Kf2 b2 41.Nxb2 d3 42.Nxd3 b3  0-1

[Event "BakuJ-A"]
[Site "Baku"]
[Date "1999.??.??"]
[Round "?"]
[White "Aroshidze, Levan"]
[Black "Mamedov, Nidjat"]
[Result "1/2-1/2"]
[WhiteElo "2230"]
[BlackElo "2255"]

1.e4 c5 2.Nf3 Nc6 3.Nc3 d6 4.d4 cxd4 5.Nxd4 Nf6 6.Bc4 Qb6 7.Nxc6 bxc6 8.O-O e6
9.Qe2 Be7 10.b3 O-O 11.Bb2 Qc7 12.f4 d5 13.Bd3 Re8 14.Kh1 Bb7 15.e5 Nd7 16.Na4 g6
17.c4 dxc4 18.Bxc4 Nb6 19.Nxb6 axb6 20.Bd4 Red8 21.Be3 c5 22.Bb5 Bc6 23.a4 Qd7
24.Bxc6 Qxc6 25.Rad1 Qe4 26.Kg1 c4 27.bxc4 Bc5 28.Rde1 Rd3 29.Bxc5 Qxe2 30.Rxe2 bxc5
31.Ra2 Rc3 32.a5 Rxc4 33.a6 Rb4 34.Rc2  1/2-1/2

[Event "ATL-ch"]
[Site "Barranquilla"]
[Date "1999.??.??"]
[Round "6"]
[White "Barros, Raul"]
[Black "Cayon, Rafael"]
[Result "1-0"]
[WhiteElo "2220"]
[BlackElo "2005"]

1.e4 c5 2.Nf3 Nc6 3.Nc3 e5 4.Bc4 d6 5.O-O Be7 6.h3 g5 7.Nh2 h5 8.Nd5 g4 9.hxg4 hxg4
10.Nxg4 f5 11.exf5 Bxf5 12.Nde3 Qd7 13.Bxg8 Bxg4 14.Qxg4 Qxg4 15.Nxg4 Rxg8
16.Ne3 Nd4 17.g3 e4 18.Kg2 Kd7 19.d3 exd3 20.cxd3 Raf8 21.Nd5 Bg5 22.Rh1 Nc2
23.Rb1 Kc6 24.Nc3 Bf6 25.Bh6 Rf7 26.Rbc1 Nb4 27.Rhd1 Bd4 28.Rd2 Nxd3 29.Rxd3 Rxf2+
30.Kh3 Rh8 31.Rxd4 Rxb2 32.Rh4 b5 33.Bf4 Rd8 34.Rh6  1-0

[Event "Landesliga Nord 9899"]
[Site "Bayern"]
[Date "1999.??.??"]
[Round "?"]
[White "Rupprecht, Andreas"]
[Black "Seibold, Hubert"]
[Result "1/2-1/2"]
[WhiteElo "2195"]
[BlackElo "2220"]

1.e4 c5 2.Nc3 Nc6 3.Nge2 g6 4.d4 cxd4 5.Nxd4 Bg7 6.Be3 Nf6 7.Bc4 Qa5 8.O-O O-O
9.Bb3 d6 10.h3 Bd7 11.f4 Nxd4 12.Bxd4 Bc6 13.e5 dxe5 14.fxe5 Nh5 15.e6 Bxd4+
16.Qxd4 f6 17.Rad1 Ng3 18.Rfe1 Rad8 19.Qf2 Qg5 20.Kh2 Nf5 21.Bd5 Bxd5 22.Nxd5 h5
23.Qf4 Qxf4+ 24.Nxf4 Kg7 25.Rd7 h4 26.Red1  1/2-1/2

[Event "Regionalliga SW9899"]
[Site "Bayern"]
[Date "1999.??.??"]
[Round "?"]
[White "Scherer, Armin"]
[Black "Scharl, Walter"]
[Result "1/2-1/2"]
[WhiteElo "1945"]
[BlackElo "2000"]

1.e4 c5 2.Nf3 Nc6 3.Nc3 g6 4.d4 cxd4 5.Nxd4 Bg7 6.Be3 Nf6 7.f3 O-O 8.Nb3 d6
9.Qd2 Be6 10.O-O-O Rc8 11.Kb1 Nb4 12.a3 Nc6 13.Nd4 Nxd4 14.Bxd4 a6 15.g4 Qa5
16.Nd5 Qxd2 17.Nxe7+ Kh8 18.Rxd2 Rce8 19.Bxf6 Bxf6 20.Nd5 Bg5 21.Rd1 Rc8
22.h4 Bd8 23.Be2 f5 24.exf5 gxf5 25.g5 Rc5 26.Nf4 Bg8 27.Rhe1 d5 28.Bd3 Rc6
29.Re2 h6 30.gxh6 Rxh6 31.h5 Bf7 32.Rg1 Bb6 33.Rh1 Bc7  1/2-1/2

[Event "Landesliga Nord 9899"]
[Site "Bayern"]
[Date "1999.??.??"]
[Round "?"]
[White "Pasedag, Peter"]
[Black "Thuerauf, Peter"]
[Result "1-0"]
[WhiteElo "2165"]
[BlackElo "1940"]

1.e4 c5 2.Nc3 Nc6 3.Nge2 Nf6 4.g3 d6 5.Bg2 e5 6.O-O Be7 7.d3 h6 8.f4 Bg4
9.h3 Bxe2 10.Qxe2 Nd4 11.Qf2 O-O 12.f5 b5 13.Nd1 Rc8 14.c3 Nc6 15.Ne3 a5
16.a4 b4 17.Bf3 Rb8 18.Qg2 bxc3 19.bxc3 Qb6 20.Nc4 Qa7 21.Be3 Rb3 22.Na3 Rb7
23.h4 Qa6 24.Be2 Rfb8 25.d4 Qa8 26.d5 Na7 27.g4 Rb2 28.Rf2 R2b3 29.g5 hxg5
30.hxg5 Ne8 31.f6 Bf8 32.fxg7 Nxg7 33.g6 R8b7 34.gxf7+ Rxf7 35.Rxf7 Kxf7
36.Rf1+ Kg8 37.Bg4 Qe8 38.Be6+ Kh7 39.Bf7  1-0

[Event "Oberliga Bayern9899"]
[Site "Bayern"]
[Date "1999.??.??"]
[Round "?"]
[White "Olbrich, Joachim"]
[Black "Geberl, Hans Walter"]
[Result "1/2-1/2"]
[WhiteElo "2150"]
[BlackElo "2095"]

1.e4 c5 2.Nc3 Nc6 3.Nge2 g6 4.d4 cxd4 5.Nxd4 Bg7 6.Be3 Nf6 7.f3 O-O 8.g4 Qb6
9.Qd2 Nxe4 10.Nxc6 bxc6 11.Nxe4 Qxb2 12.Rc1 Qxa2 13.Bd4 Bxd4 14.Qxd4 d5 15.Ng3 Qa5+
16.Qd2 Qc5 17.Bd3 e5 18.Kf1 e4 19.fxe4 Bxg4 20.Kg2 a5 21.Qg5 Bd7 22.e5 Qd4
23.Nh5 h6 24.Nf6+ Kg7 25.Qg3 Be6 26.Rhe1 a4 27.c3 Qc5 28.Nh5+ Kh7 29.Qf4 Rfb8
30.Kh1 a3 31.Rf1 Qe7 32.Qg3 a2 33.Rg1 Qg5 34.Nf6+ Kg7 35.Qe1 a1=Q 36.Rxa1 Rxa1
37.Qxa1 Qxe5 38.Ng4 Qf4 39.c4+ d4 40.Qd1 Rb2 41.Qf1 Qxf1 42.Bxf1 Bf5 43.Ne5 f6
44.Nf3 Be4 45.Bg2 d3 46.Nd2 Bf5 47.Be4 Bxe4+ 48.Nxe4 f5 49.Nc5 d2 50.Rd1 Kf6
51.Kg2 Rc2 52.Nb3 Rxc4 53.Rxd2 Ke5 54.Na5 Rc3 55.Nb7 h5 56.h4 Rc4 57.Kh3 Kf4
58.Rg2 Rc1 59.Kh2 c5 60.Rxg6 c4 61.Nc5 Rc2+ 62.Kh3 Rd2 63.Ne6+ Ke3 64.Ng7 Rd5
65.Nxh5 c3 66.Rc6 Rd3 67.Kg3 Kd2+ 68.Kf4 c2 69.Rxc2+ Kxc2 70.Kxf5  1/2-1/2

[Event "Regionalliga NO9899"]
[Site "Bayern"]
[Date "1999.??.??"]
[Round "?"]
[White "Ertl, Rolf"]
[Black "Wallinger, Manfred"]
[Result "1/2-1/2"]
[WhiteElo "2125"]
[BlackElo "2125"]

1.e4 c5 2.Nc3 Nc6 3.Nge2 g6 4.d4 cxd4 5.Nxd4 Bg7 6.Nde2 d6 7.g3 f5 8.Bg2 Nh6
9.O-O O-O 10.Bg5 Nf7 11.Be3 Nfe5 12.Nd4 Nxd4 13.Bxd4 f4 14.f3 Be6 15.b3 g5
16.Nd5 Qd7 17.Qd2 Bxd5 18.exd5 Ng6 19.Bxg7 Kxg7  1/2-1/2

[Event "Regionalliga SW9899"]
[Site "Bayern"]
[Date "1999.??.??"]
[Round "?"]
[White "Reiter, Marcus"]
[Black "Nissen, Jens"]
[Result "0-1"]
[WhiteElo "2125"]
[BlackElo "2090"]

1.Nc3 c5 2.Nf3 Nc6 3.e4 a6 4.a4 e6 5.Be2 Qc7 6.O-O Nf6 7.Ne1 d5 8.d3 b6 9.f4 dxe4
10.Nxe4 Bb7 11.Be3 O-O-O 12.Qb1 Nd5 13.Bd2 Nd4 14.Bd1 f5 15.c3 fxe4 16.dxe4 Nf6
17.cxd4 Nxe4 18.Be3 cxd4 19.Bf3 dxe3 20.Bxe4 e2 21.Rf3 Bxe4 22.Qxe4 Rd1 23.Qxe6+ Kb8
24.Qa2 Bc5+ 25.Kh1 Rhd8  0-1

[Event "Landesliga Nord 9899"]
[Site "Bayern"]
[Date "1999.??.??"]
[Round "?"]
[White "Jirovsky, Petr"]
[Black "Rupprecht, Andreas"]
[Result "1-0"]
[WhiteElo "2275"]
[BlackElo "2195"]

1.e4 c5 2.Nf3 Nc6 3.Nc3 g6 4.d4 cxd4 5.Nxd4 Bg7 6.Be3 Nf6 7.Be2 O-O 8.O-O d5
9.exd5 Nxd5 10.Nxd5 Nxd4 11.Bxd4 Qxd5 12.Bxg7 Qxd1 13.Rfxd1 Kxg7 14.Bf3 Bf5
15.c3 Rab8 16.Rd5 b6 17.Rad1 Rfc8 18.R1d2 b5 19.a3 a5 20.h3 Be6 21.R5d4 Kf6
22.Rf4+ Kg7 23.Rfd4 Kf6 24.Be2 Bc4 25.Bxc4 Rxc4 26.Kf1 Rc7 27.Ke2 Rbb7 28.Kd1 h5
29.Kc2 Rc6 30.Kb3 e6 31.Rd7 Rxd7 32.Rxd7 Rc4 33.Kc2 g5 34.Kd3 g4 35.hxg4 Rxg4
36.g3 h4 37.gxh4 Rxh4 38.b3 a4 39.b4 Rh2 40.Ke2 Rh1 41.Rb7 Ra1 42.Rxb5 Rxa3
43.Kd3 Ra1 44.Ra5 e5 45.Ra6+ Kf5 46.b5 a3 47.Kc4 a2 48.Ra5 Ke4 49.Kb3 Kd3
50.Rxa2 Rb1+ 51.Rb2 Rc1 52.Kb4 Rh1 53.b6 Rh4+ 54.Ka5 Rh8 55.b7 Rb8 56.Kb6 Rxb7+
57.Kxb7 Kxc3 58.Re2 Kd4 59.Kc6 e4 60.Kd6 f5 61.Ke6 f4 62.Kf5 Kd3  1-0